[Event "Donau op 20th"]
[Site "Aschach"]
[Date "2011.12.29"]
[Round "5"]
[White "Moser, Eva"]
[Black "Krejci, Jan1"]
[Result "1/2-1/2"]
[WhiteElo "2448"]
[BlackElo "2486"]
[PlyCount "152"]
[EventDate "2011.12.26"]
[EventType "swiss"]
[EventRounds "7"]
[EventCountry "AUT"]
[SourceTitle "CBM 146 Extra"]
[Source "ChessBase"]
[SourceDate "2012.02.29"]
[SourceVersion "1"]
[SourceVersionDate "2012.02.29"]
[SourceQuality "1"]

1. Nf3 Nf6 2. g3 b5 3. Bg2 Bb7 4. O-O e6 5. d3 Be7 6. e4 d6 7. a4 b4 8. Nbd2
O-O 9. Nc4 a5 10. h3 Nbd7 11. Nd4 c6 12. Re1 d5 13. exd5 cxd5 14. Bf4 Nc5 15.
Ne5 Rc8 16. Nb5 Qb6 17. Be3 Rfd8 18. Nd4 Qa6 19. Bf4 Nfd7 20. Nef3 Bf6 21. Bg5
e5 22. Bxf6 Qxf6 23. Nb5 Ba6 24. d4 Ne4 25. Rf1 Bxb5 26. axb5 Qb6 27. Nxe5 Nxe5
28. dxe5 Nxg3 29. Re1 Nf5 30. Qg4 g6 31. Re2 Qxb5 32. e6 Re8 33. exf7+ Kxf7 34.
Rd2 Rcd8 35. Rad1 d4 36. Be4 Re5 37. b3 Qc5 38. Bd3 Kg7 39. Bxf5 Rxf5 40. Rxd4
Rdf8 41. Rd7+ Kg8 42. Qd4 Qxd4 43. R1xd4 Rxf2 44. Ra7 R8f7 45. Rxa5 Rxc2 46.
Rxb4 Rd7 47. Ra1 Kg7 48. Rc4 Rb2 49. Rc3 Rdd2 50. Rf3 h5 51. Rg3 Kh6 52. Rc1 g5
53. Rc6+ Kh7 54. Rf3 h4 55. Rf7+ Kg8 56. Rf5 Kh8 57. Rcf6 Rd1+ 58. Rf1 Rxf1+
59. Kxf1 Rxb3 60. Kg2 Kg7 61. Ra6 Rg3+ 62. Kh2 Rf3 63. Kg2 Rf6 64. Ra5 Kg6 65.
Rb5 Ra6 66. Rb2 Ra5 67. Rf2 Ra4 68. Rb2 Kf5 69. Rf2+ Rf4 70. Ra2 Re4 71. Kf3
Re1 72. Ra5+ Kg6 73. Ra6+ Kh5 74. Kg2 Re2+ 75. Kg1 Re3 76. Kg2 Rg3+ 1/2-1/2

[Event "Donau op 20th"]
[Site "Aschach"]
[Date "2011.12.28"]
[Round "4"]
[White "Juhasz, Kristof"]
[Black "Moser, Eva"]
[Result "0-1"]
[WhiteElo "2373"]
[BlackElo "2448"]
[PlyCount "92"]
[EventDate "2011.12.26"]
[EventType "swiss"]
[EventRounds "7"]
[EventCountry "AUT"]
[SourceTitle "CBM 146 Extra"]
[Source "ChessBase"]
[SourceDate "2012.02.29"]
[SourceVersion "1"]
[SourceVersionDate "2012.02.29"]
[SourceQuality "1"]

1. Nf3 d5 2. d4 c5 3. c4 cxd4 4. cxd5 Nf6 5. Qa4+ Qd7 6. Qxd4 Qxd5 7. Nc3 Qxd4
8. Nxd4 e5 9. Nc2 Bf5 10. Ne3 Be6 11. g3 Nc6 12. Bg2 O-O-O 13. Bd2 Nd4 14.
O-O-O b5 15. a3 b4 16. axb4 Bxb4 17. Bf1 Nb3+ 18. Kc2 Nxd2 19. Rxd2 Rxd2+ 20.
Kxd2 Ne4+ 21. Kc2 Nxf2 22. Rg1 Bc5 23. Ned5 Ng4 24. Rh1 Nf2 25. Rg1 Ng4 26. Rh1
Rd8 27. Bg2 Ne3+ 28. Nxe3 Bxe3 29. Rd1 Rxd1 30. Nxd1 Bg1 31. h3 f5 32. e4 Bh2
33. Ne3 f4 34. gxf4 exf4 35. Nf5 g6 36. Nd4 Bd7 37. e5 Bg1 38. e6 Be8 39. Nc6
Kc7 40. Ne5 Kd6 41. Nf3 Be3 42. Ng5 h6 43. Ne4+ Kxe6 44. Bf3 Ke5 45. Nc3 Bd7
46. Bg2 g5 0-1

[Event "Donau op 20th"]
[Site "Aschach"]
[Date "2011.12.26"]
[Round "1"]
[White "Moser, Eva"]
[Black "Hechler, Georg"]
[Result "1-0"]
[WhiteElo "2448"]
[BlackElo "2088"]
[PlyCount "73"]
[EventDate "2011.12.26"]
[EventType "swiss"]
[EventRounds "7"]
[EventCountry "AUT"]
[SourceTitle "CBM 146 Extra"]
[Source "ChessBase"]
[SourceDate "2012.02.29"]
[SourceVersion "1"]
[SourceVersionDate "2012.02.29"]
[SourceQuality "1"]

1. e4 c5 2. d3 g6 3. g3 Bg7 4. Bg2 Nc6 5. f4 d6 6. Nf3 Nf6 7. O-O c4 8. Nc3
cxd3 9. cxd3 Qb6+ 10. Kh1 Bg4 11. h3 Bxf3 12. Qxf3 O-O 13. Rb1 Nd7 14. Be3 Bd4
15. Nd5 Qd8 16. Bd2 Bg7 17. Bc3 Nc5 18. Qe3 e6 19. Bxg7 Kxg7 20. Nc3 Qe7 21. d4
Nd7 22. d5 Nd8 23. dxe6 fxe6 24. Rbd1 Nf7 25. Nb5 e5 26. Qa3 exf4 27. gxf4 Qh4
28. Nc7 Nf6 29. Nxa8 Nh5 30. Nc7 Rc8 31. Ne6+ Kh6 32. Qb3 Ng3+ 33. Kh2 Ne2 34.
Rd2 Rc3 35. bxc3 Qg3+ 36. Kh1 Qe3 37. Rxe2 1-0

[Event "BL 1112 (Women)"]
[Site "Germany"]
[Date "2011.12.18"]
[Round "5.4"]
[White "Moser, Eva"]
[Black "Heinatz, Gundula"]
[Result "1-0"]
[WhiteElo "2432"]
[BlackElo "2218"]
[PlyCount "97"]
[EventDate "2011.10.29"]
[EventType "team-tourn"]
[EventRounds "11"]
[EventCountry "GER"]
[SourceTitle "EXT 2013"]
[Source "ChessBase"]
[SourceDate "2012.11.22"]
[SourceVersion "1"]
[SourceVersionDate "2012.11.22"]
[SourceQuality "1"]
[WhiteTeam "Baden-Baden (W)"]
[BlackTeam "Karlsruhe (W)"]
[WhiteTeamCountry "GER"]
[BlackTeamCountry "GER"]

1. e4 c5 2. d3 Nc6 3. g3 d5 4. Nc3 Nf6 5. exd5 Nxd5 6. Bg2 Be6 7. Nf3 Nxc3 8.
bxc3 g6 9. Rb1 Qd7 10. O-O Bg7 11. c4 Bg4 12. Qd2 O-O 13. Ng5 h6 14. h3 Bf5 15.
g4 Bxg4 16. hxg4 hxg5 17. Qxg5 Rac8 18. Re1 b6 19. Bb2 Rfe8 20. Bxg7 Kxg7 21.
Re3 f6 22. Qf4 e5 23. Qg3 Qd6 24. c3 Rcd8 25. Rbe1 g5 26. Be4 Rh8 27. Qg2 Ne7
28. Kf1 Rh4 29. Rh3 Rdh8 30. Rxh4 Rxh4 31. Re3 Qd7 32. Rh3 Qxg4 33. Qxg4 Rxg4
34. Rh7+ Kf8 35. Rh8+ Kf7 36. Ra8 f5 37. Bb7 Rh4 38. Rxa7 Rh6 39. Bd5+ Ke8 40.
a4 Rd6 41. Ke2 Nxd5 42. cxd5 Rxd5 43. Ra6 Rd6 44. a5 e4 45. axb6 exd3+ 46. Kd2
Kd7 47. b7 Rxa6 48. b8=Q Rd6 49. Qg8 1-0

[Event "AUT-chT2M 1112"]
[Site "Austria"]
[Date "2011.12.04"]
[Round "6.2"]
[White "Freitag, Manfred"]
[Black "Moser, Eva"]
[Result "1-0"]
[WhiteElo "2380"]
[BlackElo "2432"]
[PlyCount "113"]
[EventDate "2011.10.21"]
[EventType "team-tourn"]
[EventRounds "11"]
[EventCountry "AUT"]
[SourceTitle "EXT 2013"]
[Source "ChessBase"]
[SourceDate "2012.11.22"]
[SourceVersion "1"]
[SourceVersionDate "2012.11.22"]
[SourceQuality "1"]
[WhiteTeam "Graz Austria"]
[BlackTeam "Graz Styria"]
[WhiteTeamCountry "AUT"]
[BlackTeamCountry "AUT"]

1. d4 e6 2. Nf3 f5 3. g3 Nf6 4. Bg2 d5 5. O-O Bd6 6. c4 c6 7. b3 Qe7 8. Bb2 b6
9. Qc2 Bb7 10. Nc3 Ne4 11. Nxe4 fxe4 12. Ne5 c5 13. e3 Bxe5 14. dxe5 Nc6 15. f3
Nb4 16. Qe2 dxc4 17. bxc4 exf3 18. Bxf3 O-O 19. Bxb7 Qxb7 20. a3 Na6 21. Qg4
Nc7 22. Rf6 b5 23. Rd1 Qc6 24. Rd6 Qe8 25. cxb5 Qxb5 26. a4 Qb4 27. Qxb4 cxb4
28. Rxf8+ Kxf8 29. Rc6 Nd5 30. a5 Nxe3 31. Bd4 Nf5 32. Bc5+ Ke8 33. g4 Kd7 34.
Ra6 Ne7 35. Rd6+ Kc7 36. Bxb4 Nc6 37. Bc3 Re8 38. Kf2 a6 39. Ke3 Re7 40. Ke4
Re8 41. Bd4 Nxd4 42. Kxd4 Rb8 43. Rxe6 Rb4+ 44. Kd5 Rxg4 45. Rxa6 Rg2 46. h4 h5
47. Ra8 g5 48. hxg5 Rxg5 49. Ra7+ Kb8 50. Rh7 Rg1 51. e6 Rd1+ 52. Kc6 Rc1+ 53.
Kd6 Rd1+ 54. Ke5 Re1+ 55. Kf6 Rf1+ 56. Ke7 Rf5 57. Kd6 1-0

[Event "AUT-chT2M 1112"]
[Site "Austria"]
[Date "2011.12.02"]
[Round "4.2"]
[White "Moser, Eva"]
[Black "Kuba, Guenter"]
[Result "1/2-1/2"]
[WhiteElo "2432"]
[BlackElo "2384"]
[PlyCount "76"]
[EventDate "2011.10.21"]
[EventType "team-tourn"]
[EventRounds "11"]
[EventCountry "AUT"]
[SourceTitle "EXT 2013"]
[Source "ChessBase"]
[SourceDate "2012.11.22"]
[SourceVersion "1"]
[SourceVersionDate "2012.11.22"]
[SourceQuality "1"]
[WhiteTeam "Graz Styria"]
[BlackTeam "Fuerstenfeld"]
[WhiteTeamCountry "AUT"]
[BlackTeamCountry "AUT"]

1. Nc3 Nf6 2. d4 d5 3. Bg5 Bf5 4. Bxf6 exf6 5. e3 c6 6. Bd3 Bxd3 7. Qxd3 Be7 8.
Nf3 O-O 9. O-O Re8 10. e4 dxe4 11. Nxe4 Nd7 12. a3 Qc7 13. c4 Rad8 14. Qc2 f5
15. Nc3 g6 16. Rfe1 Bf6 17. Rxe8+ Rxe8 18. Rd1 Rd8 19. g3 h5 20. Ne2 Bg7 21.
Kg2 Nf6 22. Nc3 Nd7 23. Qe2 Nf6 24. Qd3 Nd7 25. d5 Nc5 26. Qe3 Ne4 27. Nxe4
fxe4 28. Qxe4 Bxb2 29. a4 cxd5 30. cxd5 Ba3 31. Qd3 Bd6 32. Ng5 Qe7 33. h4 a6
34. Qf3 b5 35. axb5 axb5 36. Re1 Qc7 37. Qf6 Rf8 38. Re3 b4 1/2-1/2

[Event "BL 1112 (Women)"]
[Site "Germany"]
[Date "2011.10.29"]
[Round "1.4"]
[White "Cornette, Deimante"]
[Black "Moser, Eva"]
[Result "0-1"]
[WhiteElo "2238"]
[BlackElo "2432"]
[PlyCount "114"]
[EventDate "2011.10.29"]
[EventType "team-tourn"]
[EventRounds "11"]
[EventCountry "GER"]
[SourceTitle "EXT 2013"]
[Source "ChessBase"]
[SourceDate "2012.11.22"]
[SourceVersion "1"]
[SourceVersionDate "2012.11.22"]
[SourceQuality "1"]
[WhiteTeam "Friedberg (W)"]
[BlackTeam "Baden-Baden (W)"]
[WhiteTeamCountry "GER"]
[BlackTeamCountry "GER"]

1. e4 e6 2. d4 d5 3. e5 c5 4. c3 Nc6 5. Nf3 Bd7 6. Be2 Nge7 7. Na3 cxd4 8. cxd4
Nf5 9. Nc2 Qb6 10. O-O Na5 11. Ne3 Nxe3 12. fxe3 Be7 13. Qe1 O-O 14. Qg3 Rac8
15. b3 Nc6 16. Bd2 Nb4 17. Rf2 Bb5 18. Bxb5 Qxb5 19. e4 Rfe8 20. exd5 Qxd5 21.
Rd1 Nc6 22. Bh6 Bf8 23. Ng5 Nxe5 24. Qxe5 Qxe5 25. dxe5 Bc5 26. Ne4 Bxf2+ 27.
Kxf2 gxh6 28. Nf6+ Kf8 29. Nxe8 Kxe8 30. Rd2 Rc3 31. Re2 Ke7 32. Ke1 f6 33.
exf6+ Kxf6 34. Rf2+ Ke7 35. Rf4 Rc2 36. Rh4 Rxg2 37. Rxh6 Rg7 38. Ke2 Kd6 39.
Ke3 Kd5 40. Rh5+ e5 41. Kd3 b5 42. b4 Rf7 43. Ke3 Kc4 44. a3 Kd5 45. Rh4 Rc7
46. Kd3 e4+ 47. Rxe4 Rc3+ 48. Kxc3 Kxe4 49. Kb3 h5 50. a4 a6 51. axb5 axb5 52.
h4 Kd3 53. Kb2 Kc4 54. Kc2 Kxb4 55. Kb2 Kc4 56. Kc2 Kd4 57. Kb3 Ke4 0-1

[Event "AUT-chT2M 1112"]
[Site "Austria"]
[Date "2011.10.23"]
[Round "3.2"]
[White "Moser, Eva"]
[Black "Wertjanz, David"]
[Result "1-0"]
[WhiteElo "2432"]
[BlackElo "2257"]
[PlyCount "117"]
[EventDate "2011.10.21"]
[EventType "team-tourn"]
[EventRounds "11"]
[EventCountry "AUT"]
[SourceTitle "EXT 2013"]
[Source "ChessBase"]
[SourceDate "2012.11.22"]
[SourceVersion "1"]
[SourceVersionDate "2012.11.22"]
[SourceQuality "1"]
[WhiteTeam "Graz Styria"]
[BlackTeam "Die Klagenfurter"]
[WhiteTeamCountry "AUT"]
[BlackTeamCountry "AUT"]

1. d4 Nf6 2. Nf3 e6 3. Bf4 b6 4. e3 Bb7 5. Bd3 d6 6. Nbd2 Nbd7 7. e4 h6 8. Qe2
Qe7 9. h3 g6 10. Bh2 Bg7 11. Ba6 Bxa6 12. Qxa6 O-O 13. O-O e5 14. Rfe1 exd4 15.
Nxd4 Nc5 16. Qc4 Qd7 17. Qb5 Rfe8 18. Qxd7 Nfxd7 19. Nb5 Ne6 20. c3 a6 21. Na3
Nec5 22. Rab1 b5 23. Nc2 Nf6 24. f3 d5 25. e5 Nfd7 26. f4 f6 27. Nb4 Nb6 28.
Nf3 Ne6 29. Rbd1 Rad8 30. Nc6 Rd7 31. Re2 f5 32. Kf2 Bf8 33. Kf1 g5 34. g3 Na4
35. Nfd4 Nac5 36. Nxf5 Rf7 37. g4 gxf4 38. Rxd5 f3 39. Re1 Na4 40. Rd2 h5 41.
Ncd4 Nxd4 42. Rxd4 hxg4 43. Rxg4+ Kh7 44. Rg5 Nc5 45. Nd4 Bh6 46. Rh5 Kg6 47.
Rh4 Bd2 48. Rg4+ Kh5 49. Rd1 Be3 50. Nc2 Bg5 51. Nb4 Ne6 52. Rd5 Be3 53. Nd3 f2
54. Bg3 Ref8 55. Rh4+ Kg6 56. Rg4+ Kh5 57. a4 c6 58. Rd6 Ng5 59. Rh4# 1-0

[Event "AUT-chT2M 1112"]
[Site "Austria"]
[Date "2011.10.21"]
[Round "1.2"]
[White "Schachinger, Mario"]
[Black "Moser, Eva"]
[Result "1/2-1/2"]
[WhiteElo "2386"]
[BlackElo "2432"]
[PlyCount "106"]
[EventDate "2011.10.21"]
[EventType "team-tourn"]
[EventRounds "11"]
[EventCountry "AUT"]
[SourceTitle "EXT 2013"]
[Source "ChessBase"]
[SourceDate "2012.11.22"]
[SourceVersion "1"]
[SourceVersionDate "2012.11.22"]
[SourceQuality "1"]
[WhiteTeam "Maria Saal"]
[BlackTeam "Graz Styria"]
[WhiteTeamCountry "AUT"]
[BlackTeamCountry "AUT"]

1. Nf3 d5 2. d4 c5 3. c4 cxd4 4. cxd5 Nf6 5. Qxd4 Qxd5 6. Nc3 Qxd4 7. Nxd4 e5
8. Ndb5 Na6 9. Bg5 Be6 10. g3 O-O-O 11. Rc1 Kb8 12. Bg2 h6 13. Be3 Bc5 14. Bxc5
Nxc5 15. O-O a6 16. Na3 Ncd7 17. Nc2 Nb6 18. Rfd1 Rxd1+ 19. Rxd1 Nc4 20. b3 Nb6
21. Ne3 Rc8 22. Ne4 Nfd5 23. Nxd5 Nxd5 24. Nd6 Nc3 25. Nxc8 Nxd1 26. Nd6 b6 27.
Ne8 g5 28. Ng7 Bd7 29. e3 Nc3 30. a4 Kc7 31. Bf1 b5 32. axb5 axb5 33. f4 exf4
34. exf4 gxf4 35. gxf4 Nd5 36. Nh5 Bg4 37. Ng3 Kb6 38. Ne4 Nxf4 39. Nd6 Bd7 40.
Nxf7 h5 41. Kf2 Kc5 42. Ke3 Nd5+ 43. Ke4 Nf6+ 44. Kf4 Ng4 45. h3 Nf2 46. Ne5
Be6 47. h4 Bxb3 48. Ke3 Nh1 49. Nd3+ Kb6 50. Nf4 Ng3 51. Bd3 Bc4 52. Bg6 Kc5
53. Nxh5 Nxh5 1/2-1/2

[Event "Graz op 18th"]
[Site "Graz"]
[Date "2011.09.04"]
[Round "9"]
[White "Kozul, Zdenko"]
[Black "Moser, Eva"]
[Result "0-1"]
[WhiteElo "2541"]
[BlackElo "2432"]
[PlyCount "98"]
[EventDate "2011.08.27"]
[EventType "swiss"]
[EventRounds "9"]
[EventCountry "AUT"]
[SourceTitle "CBM 144 Extra"]
[Source "ChessBase"]
[SourceDate "2011.10.28"]
[SourceVersion "1"]
[SourceVersionDate "2011.10.28"]
[SourceQuality "1"]

1. d4 e6 2. c4 f5 3. g3 Nf6 4. Bg2 d5 5. Qc2 c6 6. Nh3 Bd6 7. O-O O-O 8. Rd1 b6
9. Bf4 Ne4 10. f3 Bxf4 11. Nxf4 Nd6 12. Nd2 Qf6 13. Qc3 Ba6 14. e4 Nxc4 15.
Nxc4 Bxc4 16. exf5 exf5 17. Re1 a5 18. h4 Ra7 19. Re6 Qf7 20. Rae1 Ba6 21. Qa3
Bc8 22. R6e5 Na6 23. Qb3 Rb7 24. Bf1 Nb8 25. Kh2 Qf6 26. Qe3 Rbf7 27. Bd3 Qd6
28. a3 b5 29. Qc1 Bd7 30. Bf1 a4 31. Bh3 Kh8 32. Qc2 Kg8 33. Bf1 Na6 34. Bd3
Nc7 35. Kg2 Kh8 36. Kf2 Kg8 37. g4 Qh6 38. Nh5 fxg4 39. Rg5 Ne6 40. Rxe6 Bxe6
41. f4 Bd7 42. Kg2 Kh8 43. Qc5 g3 44. Rxg7 Qxh5 45. Rxh7+ Qxh7 46. Bxh7 Kxh7
47. Kxg3 Rxf4 48. h5 Rg4+ 49. Kh2 Rfg8 0-1

[Event "Graz op 18th"]
[Site "Graz"]
[Date "2011.08.29"]
[Round "3"]
[White "Perhinig, Robert"]
[Black "Moser, Eva"]
[Result "1/2-1/2"]
[WhiteElo "2238"]
[BlackElo "2432"]
[PlyCount "138"]
[EventDate "2011.08.27"]
[EventType "swiss"]
[EventRounds "9"]
[EventCountry "AUT"]
[SourceTitle "CBM 144 Extra"]
[Source "ChessBase"]
[SourceDate "2011.10.28"]
[SourceVersion "1"]
[SourceVersionDate "2011.10.28"]
[SourceQuality "1"]

1. d4 c5 2. d5 d6 3. e4 g6 4. f4 Bg7 5. Nf3 Nf6 6. Nc3 O-O 7. Be2 e6 8. O-O
exd5 9. exd5 Na6 10. Nd2 Nc7 11. Bf3 b5 12. Nde4 Bb7 13. Nxf6+ Qxf6 14. Kh1 Qd4
15. f5 Qxd1 16. Rxd1 gxf5 17. Bf4 Rfd8 18. Rd2 b4 19. Na4 Ne8 20. Re1 Nf6 21.
c4 Re8 22. Rde2 Bf8 23. Bg5 Rxe2 24. Rxe2 Nd7 25. b3 h6 26. Bh4 Rc8 27. Bh5 Ne5
28. Rf2 Ng6 29. Bg3 Re8 30. Rxf5 Bc8 31. Rf1 Bd7 32. Nb2 a5 33. h3 Re3 34. Kh2
Rc3 35. Rf2 Be7 36. Nd1 Rxg3 37. Kxg3 Bh4+ 38. Kf3 Ne5+ 39. Ke3 Bxf2+ 40. Nxf2
f5 41. Nd3 f4+ 42. Nxf4 Bf5 43. Ne2 Bb1 44. Nc1 a4 45. Be2 Bxa2 46. bxa4 Bxc4
47. a5 b3 48. Nd3 Nd7 49. Nb2 Bxd5 50. g3 Ne5 51. a6 Kf8 52. a7 Ke7 53. Na4 Bc6
54. Bb5 Bb7 55. Ba6 Bh1 56. Bd3 Ba8 57. Nb6 b2 58. Bb1 Bb7 59. Kd2 d5 60. a8=Q
Bxa8 61. Nxa8 Nc4+ 62. Kc3 Kd6 63. g4 Kc6 64. h4 Ne5 65. g5 hxg5 66. hxg5 Kb7
67. g6 Nxg6 68. Bxg6 b1=Q 69. Bxb1 Kxa8 1/2-1/2

[Event "Graz op 18th"]
[Site "Graz"]
[Date "2011.08.28"]
[Round "2"]
[White "Moser, Eva"]
[Black "Singer, Richard"]
[Result "1-0"]
[WhiteElo "2432"]
[BlackElo "2260"]
[PlyCount "103"]
[EventDate "2011.08.27"]
[EventType "swiss"]
[EventRounds "9"]
[EventCountry "AUT"]
[SourceTitle "CBM 144 Extra"]
[Source "ChessBase"]
[SourceDate "2011.10.28"]
[SourceVersion "1"]
[SourceVersionDate "2011.10.28"]
[SourceQuality "1"]

1. g3 Nf6 2. Bg2 g6 3. d4 Bg7 4. e4 d6 5. Ne2 O-O 6. h3 e5 7. Nbc3 c6 8. O-O
Qa5 9. Be3 b5 10. a3 Nbd7 11. g4 Rb8 12. Ng3 Qc7 13. f4 exf4 14. Bxf4 b4 15.
axb4 Rxb4 16. Ra2 Ne8 17. Nge2 Nb6 18. Kh1 Be6 19. b3 Qe7 20. Qd2 c5 21. dxc5
dxc5 22. Rfa1 Nc8 23. Rd1 c4 24. Nd5 Bxd5 25. exd5 cxb3 26. cxb3 Rb6 27. Nd4
Bxd4 28. Qxd4 f6 29. Raa1 Qb4 30. Qf2 Ned6 31. Rd3 Ne4 32. Qe3 Nc5 33. Rc3 Nd7
34. Rac1 Nd6 35. Rc7 Rd8 36. Qe7 Nf7 37. Qxb4 Rxb4 38. Bd2 Rxb3 39. Rxa7 Nfe5
40. Rcc7 Rd3 41. Bc3 Nf3 42. Bf1 Rd1 43. Rxd7 Rxd7 44. Rxd7 Rc1 45. Bb2 Rc2 46.
Bg2 Nh4 47. Bxf6 Nxg2 48. Re7 Nf4 49. d6 Nxh3 50. d7 Rd2 51. Rg7+ Kf8 52. Rxh7
1-0

[Event "Graz op 18th"]
[Site "Graz"]
[Date "2011.08.27"]
[Round "1"]
[White "Kranewitter, Norbert"]
[Black "Moser, Eva"]
[Result "0-1"]
[WhiteElo "2111"]
[BlackElo "2432"]
[PlyCount "65"]
[EventDate "2011.08.27"]
[EventType "swiss"]
[EventRounds "9"]
[EventCountry "AUT"]
[SourceTitle "CBM 144 Extra"]
[Source "ChessBase"]
[SourceDate "2011.10.28"]
[SourceVersion "1"]
[SourceVersionDate "2011.10.28"]
[SourceQuality "1"]

1. Nf3 Nf6 2. d4 g6 3. c4 Bg7 4. Nc3 O-O 5. e4 c6 6. Bf4 d5 7. e5 Ne4 8. Bd3
Nxc3 9. bxc3 Be6 10. c5 b6 11. cxb6 axb6 12. Ng5 Qc8 13. Qb1 f6 14. exf6 exf6
15. Nf3 Nd7 16. h3 b5 17. O-O Nb6 18. Re1 Re8 19. Bd6 Nc4 20. Bc5 Qc7 21. Qb4
Qf4 22. Bxc4 dxc4 23. Bd6 Qf5 24. a4 bxa4 25. Rxa4 Bd5 26. Rxa8 Rxa8 27. Qc5 g5
28. Qb4 g4 29. hxg4 Qxg4 30. Qb7 Rd8 31. Qc7 Rc8 32. Qb7 Rd8 33. Bg3 0-1

[Event "AUT-ch (Women)"]
[Site "Linz"]
[Date "2011.07.31"]
[Round "9"]
[White "Moser, Eva"]
[Black "Exler, Veronika"]
[Result "1-0"]
[WhiteElo "2432"]
[BlackElo "2124"]
[PlyCount "125"]
[EventDate "2011.07.23"]
[EventType "swiss"]
[EventRounds "9"]
[EventCountry "AUT"]
[SourceTitle "CBM 143 Extra"]
[Source "ChessBase"]
[SourceDate "2011.08.29"]
[SourceVersion "1"]
[SourceVersionDate "2011.08.29"]
[SourceQuality "1"]

1. g3 d5 2. Bg2 Nf6 3. Nf3 g6 4. c4 c6 5. Qa4 Nbd7 6. cxd5 cxd5 7. Nc3 Bg7 8.
O-O O-O 9. d3 Nb6 10. Qh4 h5 11. Qb4 Re8 12. Bg5 Nh7 13. Be3 e5 14. Bxb6 axb6
15. Rfc1 Bf8 16. Qb3 Be6 17. d4 e4 18. Ne1 f5 19. Rc2 Nf6 20. Nb5 Rc8 21. Rac1
Rxc2 22. Rxc2 Re7 23. Rc3 Ne8 24. Nc2 Rd7 25. Ne3 Bg7 26. Nc2 Kf7 27. e3 Bf8
28. Nca3 Re7 29. Qc2 Kf6 30. Bf1 Bd7 31. Na7 Be6 32. N3b5 Rf7 33. a3 Kg7 34.
Nc8 Kg8 35. Nba7 Rf6 36. Qb3 Bf7 37. Qc2 Kg7 38. Bb5 Nd6 39. Nxd6 Bxd6 40. Rc8
Qe7 41. Ra8 Be6 42. Re8 Qf7 43. h4 Bd7 44. Rd8 Bc6 45. Nxc6 Qc7 46. Rxd6 Rxd6
47. Nb4 Qxc2 48. Nxc2 Kf6 49. Nb4 Rd8 50. Ba4 Ke6 51. Bb3 Rd7 52. Nxd5 Rxd5 53.
Kf1 Kd6 54. Bxd5 Kxd5 55. Ke2 Kc4 56. Kd2 b5 57. b3+ Kxb3 58. d5 Kxa3 59. d6 b4
60. d7 b3 61. d8=Q b2 62. Qa5+ Kb3 63. Qb5+ 1-0

[Event "AUT-ch (Women)"]
[Site "Linz"]
[Date "2011.07.30"]
[Round "8"]
[White "Kopinits, Anna Christina"]
[Black "Moser, Eva"]
[Result "1/2-1/2"]
[WhiteElo "2265"]
[BlackElo "2432"]
[PlyCount "77"]
[EventDate "2011.07.23"]
[EventType "swiss"]
[EventRounds "9"]
[EventCountry "AUT"]
[SourceTitle "CBM 143 Extra"]
[Source "ChessBase"]
[SourceDate "2011.08.29"]
[SourceVersion "1"]
[SourceVersionDate "2011.08.29"]
[SourceQuality "1"]

1. e4 c5 2. Nf3 Nc6 3. d4 cxd4 4. Nxd4 Nf6 5. Nc3 e5 6. Ndb5 d6 7. Bg5 a6 8.
Na3 b5 9. Nd5 Be7 10. Bxf6 Bxf6 11. c4 b4 12. Nc2 O-O 13. g3 a5 14. Bg2 Rb8 15.
b3 Bg5 16. O-O Ne7 17. Nxe7+ Qxe7 18. h4 Bh6 19. a3 bxa3 20. Nxa3 Bd7 21. Qd5
Rxb3 22. c5 a4 23. Rfd1 Rc8 24. cxd6 Qe6 25. Qxe6 Bxe6 26. Bf1 Bd7 27. Nc4 f6
28. Ra2 Kf8 29. Rda1 Rb4 30. Nb2 Rc2 31. Nd3 Rxa2 32. Rxa2 Rb1 33. Kg2 Ke8 34.
Nc5 Rb4 35. Be2 Rd4 36. Nxd7 Kxd7 37. Rxa4 Rxa4 38. Bb5+ Kxd6 39. Bxa4 1/2-1/2

[Event "AUT-ch (Women)"]
[Site "Linz"]
[Date "2011.07.29"]
[Round "7"]
[White "Moser, Eva"]
[Black "Schink, Barbara"]
[Result "1/2-1/2"]
[WhiteElo "2432"]
[BlackElo "2040"]
[PlyCount "70"]
[EventDate "2011.07.23"]
[EventType "swiss"]
[EventRounds "9"]
[EventCountry "AUT"]
[SourceTitle "CBM 143 Extra"]
[Source "ChessBase"]
[SourceDate "2011.08.29"]
[SourceVersion "1"]
[SourceVersionDate "2011.08.29"]
[SourceQuality "1"]

1. c4 e6 2. Nf3 d5 3. b3 Nf6 4. Bb2 Be7 5. g3 O-O 6. Bg2 b6 7. O-O Bb7 8. cxd5
exd5 9. e3 Nbd7 10. d3 Re8 11. Qc2 Rc8 12. Nbd2 c5 13. Rad1 Qc7 14. Qb1 Bd6 15.
Rfe1 Ne5 16. Nxe5 Bxe5 17. d4 cxd4 18. Nf3 Bd6 19. Nxd4 Bb4 20. Rc1 Qd7 21.
Rxc8 Rxc8 22. Rd1 Ne4 23. Rc1 Re8 24. Qd3 Bf8 25. Qb5 Qe7 26. Nc6 Bxc6 27. Qxc6
Nxf2 28. Bd4 Nd3 29. Rf1 Nb4 30. Qb5 Rd8 31. a3 Nc2 32. Bxd5 Nxe3 33. Bxe3
Qxe3+ 34. Kh1 Bc5 35. Qc4 b5 1/2-1/2

[Event "AUT-ch (Women)"]
[Site "Linz"]
[Date "2011.07.28"]
[Round "6"]
[White "Novkovic, Julia"]
[Black "Moser, Eva"]
[Result "0-1"]
[WhiteElo "2066"]
[BlackElo "2432"]
[PlyCount "86"]
[EventDate "2011.07.23"]
[EventType "swiss"]
[EventRounds "9"]
[EventCountry "AUT"]
[SourceTitle "CBM 143 Extra"]
[Source "ChessBase"]
[SourceDate "2011.08.29"]
[SourceVersion "1"]
[SourceVersionDate "2011.08.29"]
[SourceQuality "1"]

1. e4 d5 2. exd5 Qxd5 3. Nc3 Qd8 4. d4 Nf6 5. Nf3 g6 6. Bc4 Bg7 7. Bg5 O-O 8.
Qd2 a6 9. Bh6 b5 10. Bxg7 Kxg7 11. Be2 Bb7 12. O-O-O Qd6 13. Nh4 Nbd7 14. Qg5
Kh8 15. Bf3 Rab8 16. Rhe1 b4 17. Ne4 Bxe4 18. Bxe4 Qe6 19. d5 Qd6 20. f4 Nc5
21. Bf3 a5 22. Qe5 Rfe8 23. g4 Kg8 24. Qe3 a4 25. g5 Nfd7 26. b3 Ra8 27. Kb1
Ra5 28. Rd2 Qa6 29. d6 cxd6 30. f5 Ne5 31. f6 e6 32. Be2 Qb6 33. Qd4 Rd8 34.
Red1 Raa8 35. Ng2 Kh8 36. Qh4 d5 37. Qh6 Rg8 38. Rf1 Ne4 39. Rf4 Nxd2+ 40. Kc1
Ndf3 41. Rxf3 Nxf3 42. Bxf3 Qg1+ 43. Kd2 Qf2+ 0-1

[Event "AUT-ch (Women)"]
[Site "Linz"]
[Date "2011.07.27"]
[Round "5"]
[White "Moser, Eva"]
[Black "Horvath, Maria"]
[Result "1-0"]
[WhiteElo "2432"]
[BlackElo "2020"]
[PlyCount "59"]
[EventDate "2011.07.23"]
[EventType "swiss"]
[EventRounds "9"]
[EventCountry "AUT"]
[SourceTitle "CBM 143 Extra"]
[Source "ChessBase"]
[SourceDate "2011.08.29"]
[SourceVersion "1"]
[SourceVersionDate "2011.08.29"]
[SourceQuality "1"]

1. e4 e6 2. d4 d5 3. exd5 exd5 4. c4 Nf6 5. Nf3 Be7 6. Nc3 O-O 7. Be2 c6 8. O-O
h6 9. Bf4 Be6 10. c5 Ne4 11. Bd3 Nxc3 12. bxc3 b6 13. cxb6 axb6 14. Re1 Nd7 15.
Qd2 Nf6 16. Ne5 Qc8 17. Bxh6 gxh6 18. Qxh6 Ne4 19. Bxe4 dxe4 20. Re3 Bg4 21.
Rg3 f5 22. Qg6+ Kh8 23. Nxg4 fxg4 24. Qh5+ Kg8 25. Rxg4+ Qxg4 26. Qxg4+ Kf7 27.
Qxe4 Rfc8 28. Re1 Bf6 29. Qe6+ Kg7 30. Re3 1-0

[Event "AUT-ch (Women)"]
[Site "Linz"]
[Date "2011.07.26"]
[Round "4"]
[White "Schnegg, Anna Lena"]
[Black "Moser, Eva"]
[Result "0-1"]
[WhiteElo "1996"]
[BlackElo "2432"]
[PlyCount "56"]
[EventDate "2011.07.23"]
[EventType "swiss"]
[EventRounds "9"]
[EventCountry "AUT"]
[SourceTitle "CBM 143 Extra"]
[Source "ChessBase"]
[SourceDate "2011.08.29"]
[SourceVersion "1"]
[SourceVersionDate "2011.08.29"]
[SourceQuality "1"]

1. e4 d6 2. d4 Nf6 3. Nc3 Nbd7 4. Nf3 e5 5. Bc4 Be7 6. O-O O-O 7. Re1 c6 8. a4
a5 9. Ba2 h6 10. Nh4 exd4 11. Qxd4 Ne5 12. f4 Nfg4 13. Nf3 Nxf3+ 14. gxf3 Nf6
15. Be3 Qd7 16. f5 d5 17. e5 Qxf5 18. exf6 Bxf6 19. Qd3 d4 20. Ne4 dxe3 21.
Qxe3 Bxb2 22. Rab1 Be5 23. Bc4 Bf4 24. Qd4 Bb8 25. Qd3 Bc7 26. Kh1 b6 27. Rg1
Be6 28. Bxe6 Qxe6 0-1